Curso de derecho matrimonial y procesal canónico para profesionales del foro

Salvato in:
Dettagli Bibliografici
Natura: Libro
Lingua:spagnolo
Pubblicazione: Salamanca Universidad Pontificia de Salamanca 1986
Serie:Bibliotheca Salmanticensis, 83
Soggetti:
Tags: Aggiungi Tag
Nessun Tag, puoi essere il primo ad aggiungerne!!

MARC

LEADER 00000nam a2200000 a 4500
001 UCS4707
003 CL-VaPUC
005 20210105001231.0
008 970808e19860000sp 1 spa d
082 0 4 |a 262.933  |b CUR  |2 21 
245 1 0 |a Curso de derecho matrimonial y procesal canónico para profesionales del foro 
246 1 3 |a El consortium totius vitae 
260 |a Salamanca  |b Universidad Pontificia de Salamanca  |c 1986 
300 |a v 
490 0 |a Bibliotheca Salmanticensis, 83 
583 |a last modification  |c 19970808 00:00:00  |k Rodrigo Vera 
650 0 7 |a DERECHO CANONICO  |2 CL-VaPUC  |9 618479 
650 0 7 |a MATRIMONIO  |2 CL-VaPUC  |9 618480 
650 0 0 |a Sacramentos   |9 257270 
650 0 7 |a NULIDAD DEL MATRIMONIO  |2 CL-VaPUC  |9 618481 
650 0 7 |a IMPEDIMENTOS DE MATRIMONIO  |2 CL-VaPUC  |9 258751 
942 |c BK 
945 |a lriquelm  |d 19970808 00:00:00 
546 |a En Español 
518 |p Simposio Nacional para Miembros de Tribunales Eclesiásticos, 9, Torremolinos, 1985 
999 |c 382974  |d 382972 
952 |0 0  |1 0  |4 0  |6 262_933000000000000_CUR_1986  |7 0  |8 A  |9 504941  |a BIBDER  |b BIBDER  |d 2020-01-23  |h v.7  |i 187358K  |o 262.933 CUR 1986  |p 187358K  |r 2023-01-25  |w 2020-01-23  |y BK  |k DER